00766nam a2200169 a 450000100100000000500170001000800410002702000150006804000250008310000290010824501230013726001310026030000430039170000400043495201050047499900170057900004100520201002034538.0130913s1990 sp abc 000 0 spa d a8400070593 aDO-SdBNPbspacBNPHU1 aBlas Aritio, Luis96745110aVasco Núñez de Balboa y los cronistas de Indias /cLuis Blas Aritio ; intruducción general Carmen Mena García. aMadrid :bComisión Nacional para la conmemoración del Quinto Centenacio del Descubrimiento del Océano Pafífico,c1990. a543 p. :bil., mapas, retrs. ;c32 cm.1 aMena García, Carmeneintr.967452 001050718MOaGRbGRcCTd2013-09-13iLF1l0o p41005-10r2020-06-25w2020-06-25y1ZNo se presta c40495d40495